| 000 | 00366nam a2200145Ia 4500 | ||
|---|---|---|---|
| 003 | OSt | ||
| 005 | 20240207113056.0 | ||
| 008 | 170523s9999 xx 000 0 und d | ||
| 020 | _a978-0070991774 | ||
| 040 | _ciimt university meerut | ||
| 100 | _aSRINIVASAN- BOBBY | ||
| 245 | 0 | _aQUANTITATIVE ANALYSIS FOR BUSINESS DECISION | |
| 260 | _bMC GRAW HILL | ||
| 942 |
_2ddc _c02 |
||
| 999 |
_c376 _d376 |
||